000 00579nam a2200229Ia 4500
999 _c11884
_d11884
003 0100
005 20170605113228.0
008 130303s9999 xx 000 0 und d
020 _a717802930
040 _cARRUPELIB
050 _aDT510.6.N5A331971
100 _aNkrumah, Kwame
_924344
245 _aGhana
245 _bthe autobiography of Kwame Nkrumah
260 _bInternational Publishers
_aNew York
_c1971
300 _axiii
300 _b 310 p. 21 cm
650 _bLocke, John, 1632-1704
_932191
650 _cEssay concerning human understanding
_932192
700 _aKwame Nkrumah
_932193
942 _2lcc
_cMONOGRAPH